000 00320nam a2200133 i 4500
001 bg
100 1 _aKACPRZAK, Kazimierz
245 0 _aWagi :
_bkonserwacja i naprawa /
_cKazimierz Kacprzak.
260 _aWarszawa,
_c1977.
040 _cBPK
041 _apol
942 _cKS
008 s pl f |000 0 pol
999 _c17590
_d17590
856 _uhttp://koha.tu.koszalin.pl/cgi-bin/koha/opac-detail.pl?biblionumber=17590
_yKatalog online BPK